| 000 | 01044nam0a22002891 4500 | ||
|---|---|---|---|
| 001 | rc\4060335 | ||
| 005 | 20250611074205.0 | ||
| 021 |
_aRU _b[49-25126] |
||
| 035 | _a(NLR Aleph) 008112381 | ||
| 090 |
_a9312448 _c9312448 |
||
| 100 | _a20130415d1949 |||y0rusy50 ca | ||
| 101 | 0 | _arus | |
| 102 | _aRU | ||
| 105 | _ay z ||||| | ||
| 200 | 1 | _aО диктатуре народной демократии | |
| 210 |
_a[Москва] _cГосполитиздат _d1949 _gОбразцовая тип. им. Жданова |
||
| 215 |
_a16 с. _d20 |
||
| 300 | _aПеред загл. авт.: Мао Цзе-дун, пред. ЦК Ком. партии Китая | ||
| 300 | _aГаз. "Правда", 1949, 6 VII. № 187 | ||
| 601 | 0 | 2 |
_aКоммунистическая партия Китая _2psbo |
| 606 |
_aДиктатура народной демократии _2psbo |
||
| 700 | 0 |
_aМао Цзэ-дун _f1893-1976 |
|
| 801 | 0 |
_aRU _bNLR _gpsbo |
|
| 801 | 1 |
_aRU _bELAR _2rusmarc |
|
| 852 |
_aNLR _jИ90 Г-4/40 |
||
| 942 | _cBOOK | ||
| 980 | _aNB | ||